000 00718nam a22002537a 4500
008 130617b xxu||||| |||| 00| 0 eng d
020 _a81-239-0515-7
024 _cAvailable
037 _cAvailable
040 _aMBSTU LIBRARY
_dMBSTU LIBRARY
082 _222
_a681.7677 BOP
100 _aBooth, J.E.
245 _aPrinciples of textile testing: an introduction......
250 _a3rd
260 _aNew Delhi
_bC.B.S. Publishers.
_c1968
300 _a21 cm.
_b583 page.
_f1
_g21 cm.
600 _2Textile testing.
650 _2Textile testing.
700 _aBooth, J.E.
270 _aNew Delhi
_bNew Delhi
_dIndia
365 _b470.00
_d470.00
942 _2ddc
_cBK
999 _c480
_d480